Селена (Запис № 17563)

000 -Маркер запису
Контрольне поле сталої довжини 01791nam a22002537a 4500
003 - Належність контрольного номера
Контрольне поле Uzh_bibl
008 - Кодовані дані
Контрольне поле сталої довжини 260429b |||||||| |||| 00| 0 ukr d
020 ## - Індекс ISBN
ISBN 5-333-00248-7
Ціна 1.60
040 ## - Джерело каталогіз.
Служба первин.кат. укр.
041 ## - Код мови видання
Код мови оригіналу українська
Код мови тексту українська
080 ## - Індекс УДК
Індекс УДК 821(477)
090 ## - Шифри
Поличний індекс 821(477)
Авторський знак М 93
100 ## - Автор
Автор Мушкетик, Юрій
245 ## - Назва
Назва Селена
Фізичний носій Текст
260 ## - Вихідні дані
Місце видання Київ
Видавництво Радянський письменник
Дата видання 1989
300 ## - Фізичний опис
Обсяг 364 с
Тип одиниці В опр.
520 ## - Анотація
Анотація «Селена» -- цікава, захоплююча книга відомого українського письменника,<br/>лауреата Державної премії ССРСР і Державної премії УРСР імені Т. Г. Шевченка<br/>Юрія Мушкетика. Центральною в книзі є проблема людської моралі, питання<br/>духовного становлення людей як у давноминулі час, так і в сучасності. На<br/>яскравих колоритних постатях з різних періодів історії автор простежує, як<br/>проходила боротьба зі злом, утверджувалась віра у високі суспільні ідеали
521 ## - Примітка про цільове призначення
Примітка про цільове призначення Для широкого кола читачів
546 ## - Примітка про мову
Примітка про мову укр.
650 ## - Тематичні рубрики
Основна рубрика Літературно-художнє видання
Хронологічна підрубрика Різні історичні періоди; від давніх часів до сучасності автора (ХХ століття)
Географічна підрубрика Україна
653 ## - Ключові слова
Ключові слова Мораль
-- Духовність
-- Історія
-- Добро
-- Боротьба
655 ## - Термін індексування — жанр/форма
Типове ділення Повісті та оповідання
942 ## - ADDED ENTRY ELEMENTS (KOHA)
Джерело класифікації чи схема поличного розташування
Koha item type Книги
Фонди
Статус вилучення Статус втрати/відсутності Джерело класифікації чи схема поличного розташування Статус пошкодження Тип обігу (не для випозичання) Постійне розташування Поточне розташування Розташування у відділі Дата надходження Інвентарний номер Total Checkouts Повний (примірниковий) шифр зберігання Штрих-код Date last seen Дата, для якої чинна ціна заміни Тип одиниці (рівень примірника)
          Публічна бібліотека Публічна бібліотека Абонемент 29/04/2026 37575-1   821(477) 20329 29/04/2026 29/04/2026 Книги

Працює на АБІС Коха